| 000 | 00584nam a22001697a 4500 | ||
|---|---|---|---|
| 003 | PILC | ||
| 005 | 20160204152144.0 | ||
| 008 | 141007b xxu||||| |||| 00| 0 eng d | ||
| 020 | _a9780123750358 | ||
| 050 |
_aBF 432.5.W66 _b.W143 2010 |
||
| 245 |
_aWAIS-IV clinical use and interpretation : _bscientist-practitioner perspectives / _cedited by Lawrence G. Weiss, Donald H. Saklofske, Diane L. Coalson, Susan Engi Raiford. |
||
| 260 |
_aU.S.A : _bElsevier, _c2010. |
||
| 300 |
_a293 pages ; _c24 cm. |
||
| 500 | _aIncludes indexes. | ||
| 650 | _aPerspectives. | ||
| 942 |
_2lcc _cBK _kFOR |
||
| 999 |
_c276024 _d276024 |
||